Flora arbòrea de la ciudad de Ibaguè (Registro nro. 7286)
[ vista simple ]
| 000 -CABECERA | |
|---|---|
| Campo de control | 00627nam a2200205 a 4500 |
| 005 - FECHA Y HORA DE LA ULTIMA TRANSACCION | |
| Campo de control | 20140723110432.0 |
| 008 - ELEMENTOS DE LONGITUD FIJA—INFORMACION GENERAL | |
| Campo de control | 140723b xxu||||| |||| 00| 0 spa d |
| 020 ## - ISBN | |
| ISBN | 9789589243572 |
| 041 ## - IDIOMA | |
| Código de idioma para texto/pista de sonido o título separado | Español |
| 082 04 - NUMERO DE CLASIFICACION DECIMAL DEWEY | |
| Número de clasificación | 635.977 |
| Número del ítem | E77f |
| 090 ## - CLASIFICACIÓN LOCAL | |
| Colección | LB |
| Consecutivo | 05737 |
| 100 ## - ASIENTO PRINCIPAL--NOMBRE PERSONAL | |
| Nombre personal | Esquivel, Hector Eduardo |
| 245 ## - MENCION DE TITULO | |
| Título | Flora arbòrea de la ciudad de Ibaguè |
| 260 ## - PUBLICACION, DISTRIBUCION, ETC. (PIE DE IMPRENTA) | |
| Lugar de publicación, distribución, etc. | Tolima |
| Nombre del editor, distribuidor, etc. | Universidad del Tolima |
| -- | Cortolima |
| -- | Toli Herbario |
| Fecha de publicación, distribución, etc. | 2009 |
| 300 ## - DESCRIPCION FISICA | |
| Extensión | 643 p. |
| 650 #4 - ASIENTO SECUNDARIO DE MATERIA - TERMINO TEMATICO | |
| Término temático o nombre geográfico como elemento de entrada | Arboles |
| Subdivisión general | Identificación |
| Subdivisión geográfica | Ibagué (Colombia) |
| 650 #4 - ASIENTO SECUNDARIO DE MATERIA - TERMINO TEMATICO | |
| Término temático o nombre geográfico como elemento de entrada | Arboles urbanos |
| Subdivisión geográfica | Ibagué (Colombia) |
| 942 ## - ELEMENTOS ADICIONALES (KOHA) | |
| Tipo de ítem | Libro |
| Sistema de clasificación | Dewey Decimal Classification |
| 945 ## - PROCESAMIENTO LOCAL | |
| AAAA-MM-DD - Fecha de ingreso o modificacion | 2010-09-06 |
| Withdrawn status | Lost status | Sistema de Clasificación | Damaged status | No para préstamo | Colección | Inventariado | Ubicación Permanente | Ubicación actual | Fecha de adquisición | Fuente de Valor | Valor | Total Checkouts | Número topográfico | Inventario / Código de Barras | Date last seen | Ejemplar | Price effective from | Forma de adquisición | Tipo de material |
|---|---|---|---|---|---|---|---|---|---|---|---|---|---|---|---|---|---|---|---|
| Dewey Decimal Classification | General | Inventariado 2017 | Bogotá | Bogotá | 06/09/2010 | Instituto | 39000.00 | LB--635.977 E77f | 028264 | 04/12/2012 | Ej.1 | 04/12/2012 | Libro | ||||||
| Dewey Decimal Classification | General | Inventariado 2017 | Sala Fabio Quevedo | Sala Fabio Quevedo | 23/07/2014 | Instituto | 39000.00 | LB-635.977 E77f | 038177 | 23/07/2014 | Ej. 2 | 23/07/2014 | Institucional | Libro |